Quizzes
Events
Quiz Creation
Community
Videos
Private Events
Remove Ads
Sign In
Join for FREE
Feedback
Dark Mode
Quiz Categories
Sports
Geography
Music
Movies
Television
Just For Fun
Miscellaneous
History
Literature
Language
Science
Gaming
Entertainment
Religion
Holiday
For Kids
Quiz Lab
Recent
Popular Today
Quiz Kudos Today
Editor Picks
Curator Picks
Quizzes by...
Day
Popularity
Type
Ratings
Length
Year
Community
Subscriptions
Recent Discussions
Orange Saloon
Badges
Playlists
Quests
Create
Leaderboards
Showdown
Live 5
Trivia Bingo
Activity
Puzzle Library
Sporcle Events
Private Events
Virtual Trivia
Globe League
Become a Host
Pub Owners
SporcleCon
Opinionation
Our Games
Videos
Blog
Mobile Apps
Partnerships
Remove Ads and Go Orange
Feedback
Movies
Disney
Marvel Cinematic Universe
Movie Resume
Movie Titles
Oscar
Actor
Actress
Director
Pixar
Role
Movie Quotes
Movie Characters
Box Office
Nominee
Best Picture
Star Wars
James Bond
Horror Movies
Movies
Disney
Marvel Cinematic Universe
Movie Resume
Movie Titles
Oscar
Actor
Actress
Director
Pixar
Role
Movie Quotes
Movie Characters
Box Office
Nominee
Best Picture
Star Wars
James Bond
Horror Movies
Random Quiz
Search Sporcle
×
Quiz Lab
Quiz Lab
Movies
Movie Titles
Type in answers that appear in a list
Type in answers that appear in a list
Classic
Best Score? Go Orange.
Movies with 'And' in the Title Stats
Can you name the movies with 'And' in the title?
By
BigAl1994
6m
20 Questions
241 Plays
241 Plays
241 Plays
Comments
Comments
Give Quiz Kudos
Give Quiz Kudos
-
- Ratings
hide this ad
More Info
Replay
Link that replays current quiz
Next Quiz
Link to next quiz in quiz playlist
You Got
0%
They Got
Avg Score
49%
Avg Friend Score
Upgrade to see
Score Distribution
Jump to the score distribution portion of the page
Score
0/20
Timer
06:00
0
Plays Today
Hint
Movie
% Correct
The G, the B, and the U
The Good, the Bad, and the Ugly
81.7%
The F and the F
The Fast and the Furious
78.8%
I J and the T of D
Indiana Jones and the Temple of Doom
77.5%
D and D
Dumb and Dumber
66.3%
3 M and a B
3 Men and a Baby
65.8%
S and the C
Sex and the City
65.8%
B C and the S K
Butch Cassidy and the Sundance Kid
57.1%
W W and the C F
Willy Wonka & the Chocolate Factory
55%
F W and a F
Four Weddings and a Funeral
51.3%
S and S
Sense and Sensibility
50%
Hint
Movie
% Correct
J and the G P*
James and the Giant Peach
46.3%
M and C: The F S of the W
Master and Commander: The Far Side of the World
45.8%
L, S and T S B
Lock, Stock and Two Smoking Barrels
41.3%
Z and M M a P
Zack and Miri Make a Porno
40%
The F and the H*
The Fox and the Hound
34.2%
O the G and P
Oz the Great and Powerful
33.3%
H and the H
Harry and the Hendersons
29.6%
A and the C
Alvin and the Chipmunks
28.8%
The P and the F*
The Princess and the Frog
23.8%
E: G and K
Exodus: Gods and Kings
20%
Quiz Playlist
Details
Report
Send in Message
Add To Playlist
More Info:
*Animated movie
Classic:
Type in answers that appear in a list
Last Updated: Mar 26, 2017
Quiz Scoreboard
CHALLENGE
Sign Up to Join the Scoreboard
Show All
Scores
Hide
Comments
May contain spoilers
Recently Published
Street Fighter Characters
by Artimus82
Gaming
60s
9x9 Crossword: Cartoon Network
by jackfrog10
Miscellaneous
3m
College Basketball Coaching Resumes
by pancakes188
Sports
9m
More to Explore
Quiz From the Vault
Featured Blog Post
Where Did the Easter Bunny Come From?
hide this ad
You Might Also Like...
Tags
Movie Titles Quiz
Comedy Movie
Movie Stars
Today's Top Quizzes in Movies
Browse Movies
hide this ad
Today's Top Quizzes in Movie Titles
Browse Movie Titles
Top Contributed Quizzes in Movies
1
Pick 5 Posters: Directed by Spielberg
2
7-to-1: Pixar Characters
3
Pick 5 Posters: Lowest-Rated Spielberg
4
Hidden Star Wars Character II
5
Sorting Actors
6
Sorting Actresses
7
Pick 5 Posters: Directed by Scorsese
8
Hidden Star Wars Character III
9
Pick 5 Posters: Star & Director
10
Hidden Star Wars Character IV
Explore More
Trending Topics
Anime
Crossword
Marvel
Harry Potter
Kpop
Disney
NBA
WWE
Pokémon
Puzzle
Soccer
NFL
The Office
Country
Song
hide this ad
More By:
BigAl1994
Quiz
Plays
Rating
Category
Featured
Created
5 Scenes, 1 Actor
140,423
4.78
Movies
Apr 11, 2016
What Movie Is THAT From?
117,371
4.21
Movies
Mar 17, 2015
TV Side Characters: 10 to 1
108,702
4.19
Television
May 5, 2015
8 Scenes, 1 Movie!
98,537
4.72
Movies
Apr 13, 2016
TV Show Locations: 10 to 1
85,433
4.50
Television
May 15, 2015
Go to Creator's Profile
Score Distribution
Quiz Creator Spotlight
BigAl1994
Follow
Send a Message
Quizzes Created
-
Created Quiz Play Count
-
More By This Creator
Popular Quizzes Today
1
Find the US States - No Outlines Minefield
2
Find the Countries of Europe - No Outlines Minefield
3
The Countries of the World
4
Find the US States
5
Risky Map Clicking: Biggest States A-Z
6
US States
7
Popular People in 1961
8
Movies - When Are They Set?
More Movies Quizzes
Follow That Line: Baywatch (2017)
Curator's Pick
Trending Quizzes
Risky Map Clicking: Least Populous States A-Z
1-10 Letter G Words
Risky Map Clicking: Next State Alphabetically
Adjectives in 80s TV Shows
The Seven Year Switch: Catherine
Recently Updated
Leaping Animals
pecheneg
Reality TV Shows (A-Z)
bhenderson79
Rickey Henderson's Hall of Fame Teammates
pecheneg
Champions League XIs: Arsenal
pecheneg
Quick Pick: Celebrities in WWE's Hall of Fame
aduchscher
A-Z Keypad Blitz II
pecheneg
Multiple Oscar Actors
pecheneg
Mystery Phrase Blitz: Oscar 'Best Actors'
pecheneg
F. Scott Fitzgerald Novels
LTH
Pick 3 Villains
ddd62291
Trending Topics
Crossword
NBA
Anime
Disney
Kpop
Harry Potter
Marvel
Pokémon
Soccer
Song
WWE
Puzzle
Country
NFL
The Office
Your Account Isn't Verified!
In order to create a playlist on Sporcle, you need to verify the email address you used during registration. Go to your
Sporcle Settings
to finish the process.
Report this User
Report this user for behavior that violates our
Community Guidelines
.
Details:
Send Report
Go to the Sporcle.com Mobile Site →
Comments